| 000 -CABECERA |
| campo de control de longitud fija |
00753nam a22002057a 4500 |
| 005 - FECHA Y HORA DE LA ÚLTIMA TRANSACCIÓN |
| campo de control |
20220319100737.0 |
| 008 - DATOS DE LONGITUD FIJA--INFORMACIÓN GENERAL |
| campo de control de longitud fija |
220312b ||||| |||| 00| 0 eng d |
| 040 ## - FUENTE DE LA CATALOGACIÓN |
| Centro/agencia transcriptor |
CAAAP |
| 041 ## - CÓDIGO DE LENGUA |
| Código de lengua del texto/banda sonora o título independiente |
spa |
| 050 #4 - SIGNATURA TOPOGRÁFICA DE LA BIBLIOTECA DEL CONGRESO |
| Número de clasificación |
Z1878.C5 |
| Número de documento/Ítem |
D42 |
| 110 2# - ENTRADA PRINCIPAL--NOMBRE DE ENTIDAD CORPORATIVA |
| Nombre de entidad corporativa o nombre de jurisdicción como elemento de entrada |
Proyecto de Capacitación, Extensión y Divulgación Forestal (Pucallpa) |
| 9 (RLIN) |
5018 |
| 500 ## - NOTA GENERAL |
| Nota general |
Material mecanografiado y anillado |
| 245 10 - MENCIÓN DE TÍTULO |
| Título |
Bibliografía : |
| Subtitulo |
sociología y desarrollo rural / |
| Mención de responsabilidad, etc. |
compilado por Miryam de Paz R. |
| 260 ## - PUBLICACIÓN, DISTRIBUCIÓN, ETC. |
| Lugar de publicación, distribución, etc. |
Pucallpa: |
| Nombre del editor, distribuidor, etc. |
Centro de Documentación e Información Forestal, |
| Fecha de publicación, distribución, etc. |
1989 |
| 300 ## - DESCRIPCIÓN FÍSICA |
| Extensión |
1 v.; |
| Dimensiones |
30 cm. |
| 650 #0 - PUNTO DE ACCESO ADICIONAL DE MATERIA--TÉRMINO DE MATERIA |
| 9 (RLIN) |
5146 |
| Término de materia o nombre geográfico como elemento de entrada |
Sociología |
| 650 #0 - PUNTO DE ACCESO ADICIONAL DE MATERIA--TÉRMINO DE MATERIA |
| 9 (RLIN) |
2460 |
| Término de materia o nombre geográfico como elemento de entrada |
Desarrollo rural |
| Subdivisión de forma |
Bibliografía |
| 710 2# - ENTRADA SECUNDARIA -- AUTOR CORPORATIVO |
| 9 (RLIN) |
5020 |
| Nombre de entidad corporativa o nombre de jurisdicción como elemento de entrada |
Cooperación Técnica del Gobierno Suizo |
| 942 ## - ELEMENTOS PERSONALIZADOS KOHA |
| Fuente del sistema de clasificación o colocación |
|
| Fecha de catalogación |
DD - MM - AA |
| Tipo de ítem Koha |
Libros |